000 01276nam a2200325 i 4500
001 196504
003 ES-MaACL
005 20250824025404.0
007 ta
008 241003b1986 sp ||||| |||| 00| 0 spa d
040 _bspa
_cES-MaACL
_dES-MaACL
245 0 0 _aEmpireuma :
_brevista de creación /
_cJesucristo Riquelme; Cristina Maristany; Manuel S. Chamorro ... et al.
260 _aOrihuela :
_bExcmo. Ayuntamiento de Orihuela (concejalía de cultura),
_fGráficas MINERVA,
_c1986
300 _a[29] p. ;
_bil. n.;
_c29 cm
336 _2rdacontent
_atexto
337 _2rdamedia
_asin mediación
338 _2rdacarrier
_avolumen
490 1 _aEmpireuma (Orihuela)
_vAño II, 7
655 7 _2tgfbne
_9176539
_aPoesías
700 1 _aRiquelme, Jesucristo,
_d1956-
_eaut
_9149038
700 0 _976896
_aMaristany, Cristina
_eaut
700 1 _aS. Chamorro, Manuel,
_eaut
_9239124
830 _9237128
_aEmpireuma (Orihuela)
_vAño II, 7
852 _aES-MaACL
_cDEPOF
_jFOLL-BUE-13
_hLegado: Antonio Buero Vallejo
_9204220
903 _932421
_aBuero Vallejo, Antonio,
_q1
_d1916-2000
_ednr
942 _n0
_cFOLLETOS
999 _c196504
_d196504